BIBLIOTHÈQUE DE LA MAISON DU MEXIQUE

Logo 1 Logo 2

Oxtankah (Registro nro. 6195)

Detalles MARC
000 -Sello discográfico
campo de control de longitud fija 01326nam a2200349 4500
005 - Identificación de versión
campo de control 20251017062850.0
010 ## - Número Estándar Internacional de Libros (ISBN)
Número (ISBN) 978-607-484-752-9
099 ## - fechas locales
Tipo de ítem Koha LIBRO
100 ## - Datos de procesamiento general
Datos de procesamiento general 20220930d2016 m y1spay5003 ba
105 ## - Campo de datos codificados: Material textual, monográfico
Datos codificados de monografía a 001zy
200 1# - Título y mención de responsabilidad
Título propio Oxtankah
Designación general del material texto impreso
Otra información del título lujo y poder
Primer mención de responsabilidad Hortensia de Vega Nova, Emiliano Melgar Tísoc, María de Lourdes Gallardo Parrodi
205 ## - Declaración de edición
Declaración de edición 1a ed
210 ## - Publicación, distribución, etc.
Lugar de publicación, distribución, etc. México
Nombre del editor, distribuidor, etc. Instituto Nacional de Antropología e Historia
Fecha de publicación, distribución, etc. 2016
215 ## - Descripción física
Designación de material específico y extensión del ítem 16 p
Otras características físicas il.
Dimensiones 30 cm
318 ## - Nota de acción
Acción No se presta a domicilio
345 ## - Nota de información de adquisición
Fuente de adquisición/dirección de la suscripción [OBSOLETO] Donación Patricia Ledesma Bouchan
606 ## - Término temático usado como materia
Elemento de entrada Mayas
Subdivisión temática Antigüedades
Número Koha 940
606 ## - Término temático usado como materia
Elemento de entrada Mayas
Subdivisión temática Joyas de concha
Número Koha 11761
606 ## - Término temático usado como materia
Elemento de entrada Mayas
Subdivisión temática Ritos y ceremonias fúnebres
Número Koha 2132
660 ## - Código de área geográfica
Código MX
700 ## - Nombre personal - Responsabilidad primaria
Elemento de entrada Vega Nova
Parte del nombre distinta del elemento de entrada Hortensia de
Número Koha 11762
701 ## - Nombre personal - Responsabilidad alternativa
Elemento de entrada Gallardo Parrodi
Parte del nombre distinta del elemento de entrada María de Lourdes
Número Koha 11763
701 ## - Nombre personal - Responsabilidad alternativa
Elemento de entrada Melgar Tísoc
Parte del nombre distinta del elemento de entrada Emiliano Ricardo
Número Koha 11756
801 #0 - Fuente de origen
País FR
Agencia cm
Reglas de catalogación (convenciones descriptivas) AFNOR
856 ## - Localización electrónica y acceso
Identificador Uniforme de Recurso https://mediateca.inah.gob.mx/repositorio/islandora/object/libro:552
900 ## -
-- 1/21769
900 ## -
-- 7100417642\080104
942 ## - ELEMENTOS DE ENTRADA SECUNDARIOS (KOHA)
Tipo de ítem Koha Libro
996 ## -
-- MEX
-- 751145101
-- MMAG
-- 006876
-- R913.72 V422OX
-- 20220930LIV
Existencias
Estatus retirado Estado de daño Estado de pérdida Fecha de adquisición Biblioteca de origen Biblioteca actual Ubicación en estantería Código de barras Precio de reemplazo Signatura topográfica completa No para préstamo Tipo de ítem Koha Nota pública Nota no pública
      05/08/2025 Casa México Paris Casa México Paris   006876 05/08/2025 R913.72 V422OX No se presta a domicilio Libro 20220930LIV 751145101